000 00925nam a2200253 a 4500
005 20191224041701.0
008 140310b1997 ne a gr|||| 00| 0 eng d
040 _aCO-BoIAVH
_cCO-BoIAVH
041 _aeng
082 _a664.3
_bC39a
090 _aLB
_b02946
110 2 _aCentre for the Promotion of Imports from Developing Countries (CBI)
_bCentre for the Promotion of Imports from Developing Countries, CBI
245 1 _aAnimal and vegetable oils and fats
_ba compact survey of The Netherlands and other major markets in the European Union
260 _aRotterdam
_bCBI
_c1997
300 _a151 paginas.
_c21 x 15 cm.
650 4 _aComercio internacional
650 4 _aAceites vegetales
650 4 _aGrasas
650 4 _aMercadeo
650 4 _aUnión Europea
650 4 _aLegislación ambiental
650 4 _aCertificación ambiental
942 _cLIBRO
_2ddc
999 _c3186
_d3186